000 00797cam a22002534a 4500
999 _c29597
_d29596
001 13635819
003 OSt
005 20210225151343.0
008 040624s2006 maua b 001 0 eng
010 _a 2004109428
020 _a0618502092 (pbk.)
040 _aMMU
_cMMU
_dMMU
_beng
050 0 0 _aHF5549.5.C35
_bR45 2006
100 1 _aReece, Barry L.
245 1 0 _aHuman relations :
_bprinciples and practices /
_cBarry L. Reece, Rhonda Brandt.
250 _a6th ed.
260 _aBoston, MA :
_bHoughton Mifflin Co.,
_cc2006.
300 _axxiii, 277 p. :
_bill. ;
_c26 cm.
500 _aIncludes bibliographical references (p. 251-261) and indexes.
650 0 _aCareer development.
650 0 _aInterpersonal relations.
700 1 _aBrandt, Rhonda.
942 _2lcc
_cLOAN LOAN
_e6th ed.